Теоретическая оценка теплопроводности дисперсионного топлива с углеродной матрицей; Изотопы: технологии, материалы и применение

Podrobná bibliografie
Parent link:Изотопы: технологии, материалы и применение.— 2023.— С. 116-117
Hlavní autor: Зайцев И. К.
Korporativní autor: Национальный исследовательский Томский политехнический университет
Další autoři: Третьякова А. В. (научный руководитель), Видяев Д. Г. Дмитрий Геннадьевич
Shrnutí:Текстовый файл
Jazyk:ruština
Vydáno: 2023
Edice:Свойства, получение и применение изотопно-модифицированных материалов
Témata:
On-line přístup:http://earchive.tpu.ru/handle/11683/77291
Médium: MixedMaterials Elektronický zdroj Kapitola
KOHA link:https://koha.lib.tpu.ru/cgi-bin/koha/opac-detail.pl?biblionumber=670257

MARC

LEADER 00000naa2a2200000 4500
001 670257
005 20240129134758.0
090 |a 670257 
100 |a 20240123d2023 k||y0rusy50 ca 
101 0 |a rus 
102 |a RU 
135 |a drbn ---uucaa 
200 1 |a Теоретическая оценка теплопроводности дисперсионного топлива с углеродной матрицей  |f И. К. Зайцев, А. В. Третьякова  |g науч. рук. Д. Г. Видяев; Национальный исследовательский Томский политехнический университет 
225 |a Свойства, получение и применение изотопно-модифицированных материалов 
283 |2 RDAcarrier 
320 |a Список использованных источников: с. 117 
336 |a Текстовый файл 
463 1 |0 670196  |9 670196  |c Томск  |d 2023  |n Изд-во ТПУ  |o сборник тезисов докладов VIII Международной научной конференции молодых ученых, аспирантов и студентов, г. Томск, 7-9 ноября 2023 г.  |v С. 116-117  |p 1 файл (3,21 Мб, 188 с.)  |t Изотопы: технологии, материалы и применение  |f Национальный исследовательский Томский политехнический университет 
610 1 |a труды учёных ТПУ 
610 1 |a электронный ресурс 
610 1 |a теплопроводность 
610 1 |a дисперсионное ядерное топливо 
700 1 |a Зайцев  |b И. К. 
701 1 |a Третьякова  |b А. В. 
702 1 |a Видяев  |b Д. Г.  |c физик  |c доцент Томского политехнического университета, доктор технических наук  |f 1973-  |g Дмитрий Геннадьевич  |4 727 
712 0 2 |a Национальный исследовательский Томский политехнический университет  |c (2009- )  |9 26305 
801 0 |a RU  |b 63413507  |c 20240123 
850 |a 63413507 
856 |u http://earchive.tpu.ru/handle/11683/77291  |z http://earchive.tpu.ru/handle/11683/77291 
942 |c CF